| 000 | 00549nam a2200193Ia 4500 | ||
|---|---|---|---|
| 008 | 140529s9999 xx 000 0 und d | ||
| 020 | _a9780415399555 | ||
| 050 |
_aG 155.A1 _b.H64 2008 |
||
| 100 | _aHolden, Andrew. | ||
| 245 |
_aEnvironment and tourism / _cAndrew Holden |
||
| 250 | _a2nd ed. | ||
| 260 |
_aLondon ; New York : _bRoutledge, _cc2008. |
||
| 300 |
_a274 p. ; _c24 cm. |
||
| 500 | _aIncludes bibliographical references and index. | ||
| 521 | _aTOU | ||
| 650 |
_aTourism _xSocial aspects. |
||
| 942 |
_kFOR _cBK |
||
| 999 |
_c117870 _d117870 |
||